000 00715nam a2200169 i 4500
001 182942
003 ES-MaACL
005 20230906221741.0
008 131217s1762 fr |||| | fre d
100 0 _aLa Lande, Jérôme de.
_969162
245 1 0 _aArt de faire le parchemin /
_cpar M. de La Lande.
260 _a[Paris] :
_bDe l'Imprimerie de H.L. Guerin & L.F. Delatour,
_c1762.
300 _a52 p., 2 lám. ;
_c44 cm.
500 _aPertenece a: "Descriptions des arts et mètiers faites ou approuvées par ... l'Académie Royale des Sciences". Paris: chez Desaint & Saillant, 1761-1789 (Brunet, 10217)
650 4 _aCurtido-
_vObras anteriores a 1800.
_9154022
852 _aES-MaACL
_jR-64(3)
_xOlim: C-10827-70
999 _c182942
_d182942